Quiz Rugby niveau moyen - Statistiques

Statistiques générales
  • Ce quiz a été pris 274 fois
  • Le résultat moyen est 10 sur 15
Statistiques - réponses
Question Réponse % Correct
Quelle nation est actuellement championne du monde en titre de Rugby à XV? Afrique du Sud
98%
Quel score d’un match de rugby n'est pas possible? 21 - 4
93%
Quels joueurs a-t-on appelle-t-on « les gros » ? Les avants
93%
Comment se nomme le trophée que reçoit le vainqueur de la coupe du monde? Webb Ellis Cup
91%
Lequel de ces 3 joueurs est sud africain?
88%
Lequel de ces 3 stades est celui du stade français?
88%
Comment se nomme le stade officiel des All Blacks? Eden Park
86%
Quel club Cheslin Kolbe a rejoint en 2021? Toulon
70%
En quelle année a eu lieu la 1ère Coupe du Monde de Rugby? 1987
65%
Les historiens situent l'origine du jeu dans des activités du Moyen Age. De quelle activité s'agit-il ? La soule
65%
En quelle année fut crée le bouclier de Brennus? 1892
37%
Quel fut le 1er club de rugby fondé en France ? Havre Athletic Club
37%
Durant quelle année Louis Picamoles est arrivé à Montpellier? 2004
28%
En quelle année est né le rugby? 1823
26%
Quelle est la longueur d'un terrain de rugby? 94 m
12%
Aucun quiz correspondant
Distribution des résultats
% des personnes avec chaque résultat
Percentile par nombre de réponses
Votre historique - résultats
Vous n’avez pas pris ce quiz